Столицы Европейских стран - Statistics

General Stats
  • This quiz has been taken 149 times
  • The average score is 27 of 43
Answers on the Map
Answers color-coded by a green-red scale on the quiz's map according to % correct below.
 
Answer Stats
Answer % Correct
Германия
82%
Испания
75%
Украина
74%
Франция
74%
Андорра
73%
Люксембург
73%
Италия
73%
Греция
72%
Великобритания
72%
Ватикан
71%
Белоруссия
71%
Нидерланды
70%
Польша
70%
Норвегия
69%
Финляндия
69%
Португалия
68%
Сан-Марино
66%
Молдавия
65%
Ирландия
64%
Швейцария
63%
Бельгия
63%
Австрия
63%
Дания
63%
Монако
63%
Чехия
63%
Болгария
63%
Эстония
63%
Сербия
61%
Хорватия
60%
Венгрия
59%
Исландия
59%
Латвия
59%
Швеция
59%
Албания
53%
Словакия
52%
Румыния
51%
Босния и Герцеговина
51%
Черногория
50%
Литва
47%
Северная Македония
45%
Словения
43%
Мальта
40%
Лихтенштейн
36%
No matching quizzes found
Score Distribution
Percent of People with Each Score
Percentile by Number Answered
Your Score History
You have not taken this quiz